000 01815cam a2200445 a 4500
001 15814157
003 ARRUPE
005 20160415091915.0
008 090713s2010 nyuab b 001 0 eng
010 _a 2009028485
015 _aGBB011558
_2bnb
016 7 _a015478517
_2Uk
020 _a9780230621428 (hardcover)
020 _a0230621422 (hardcover)
020 _a9780230621435 (pbk.)
020 _a0230621430 (pbk.)
035 _a(OCoLC)ocn426147334
040 _aDLC
_cDLC
_dYDX
_dCDX
_dYDXCP
_dUAB
_dBWX
_dTOZ
_dUKM
_dDLC
043 _af-rh---
050 0 0 _aDT2913.E87
_bH84 2010
082 0 0 _a305.809/06891
_222
100 1 _aHughes, David McDermott.
_923869
245 1 0 _aWhiteness in Zimbabwe :
_brace, landscape, and the problem of belonging /
_cDavid McDermott Hughes.
250 _a1st ed.
260 _aNew York :
_bPalgrave Macmillan,
_c2010.
300 _axx, 204 p. :
_bill., maps ;
_c22 cm.
504 _aIncludes bibliographical references and index.
505 0 0 _tThe art of belonging --
_tEngineering and its redemption --
_tOwning Lake Kariba --
_tHydrology of hope --
_tPlaying the game --
_tBelonging awkwardly.
650 0 _aWhites
_zZimbabwe
_xHistory.
_923870
650 0 _aWhites
_zZimbabwe
_xSocial conditions.
_xHistory
_923871
650 0 _aWhites
_xRace identity
_zZimbabwe
_xHistory.
_923872
650 0 _aLand settlement
_xSocial aspects
_zZimbabwe.
_923873
650 0 _aLand tenure
_xSocial aspects
_zZimbabwe.
_923874
650 0 _aGroup identity
_zZimbabwe
_xHistory.
_923875
650 0 _aSocial isolation
_zZimbabwe
_xHistory.
_923876
651 0 _aZimbabwe
_xRace relations
_xHistory.
_913673
906 _a7
_bcbc
_corignew
_d1
_eecip
_f20
_gy-gencatlg
942 _2lcc
_cMONOGRAPH
999 _c124630
_d124630